00994nam a2200265 i 4500003000900000005001700009007000300026008004100029040003000070082000700100100003600107245011900143264003600262300002800298336002700326337003300353338002800386500005700414590002600471700004600497910001500543942001400558952013900572999001700711DO-SdBNP20240624133556.0ta240624b2011 dr ||||| |||| 00| 0 spa d aDO-SdBNPbspacBNPHUerda 4222 aCastillo, Nelson,927154eautor13aLa terquedad de la verdad :brealidad en la primera década /cNelson Castillo ; corrector, Winston Vargas Valdez aSanto Domingo :bOrtega,c2011. a239 páginas ;c23 cm. 2rdacontentatextobtxt 2rdamediaasin mediaciónbn 2rdacarrieravolumenbnc aIncluye datos biográficos del autor en las solapas aInventariado, 2024/BT aVargas Valdez, Winston,ecorrector985771 aBtavárez 2ddccLBS1 00102ddc51708PDaBNPHUbBNPHUcCTd2024-06-24eDonado por Francisca Muñozl0oBNPHU PD p2024-3673r2024-06-24w2024-06-24yLBS1 c56943d56943